| 000 | 00882cam a2200205 a 4500 | ||
|---|---|---|---|
| 001 | 000017440 | ||
| 005 | 20200929165119.0 | ||
| 008 | 771214s1968 sp ac 001 0 spa d | ||
| 040 |
_aDO-SdBNP _bspa _cDLC _dBNPHU |
||
| 082 |
_a946 _bA996t |
||
| 100 | 0 |
_aAzorín, _d1873-1967. _95278 |
|
| 245 | 1 | 0 |
_aTiempo y paisaje : _bvisión de España / _cAzorín. |
| 260 |
_aMadrid, España : _bEdiciones Cultura Hispánica, _c1968. |
||
| 300 |
_a497 p. : _bil., retrs. ; _c22 cm. |
||
| 505 | 0 | _aCastilla - Madrid - Valencia -- Un pueblecito: Riofrío de Ávila, 1916 -- La ruta de don Quijote -- El paisaje de España visto por los españoles -- Apéndice: Jardines de España. España y África. Las mujeres de España. Las provincias. | |
| 651 | 4 |
_aEspaña _xCivilización _914116 |
|
| 651 | 4 |
_aEspaña _xDescripción Y Viajes _938131 |
|
| 910 | _aCatalogación por copia / LC | ||
| 049 | _aBNGR | ||
| 999 |
_c16965 _d16965 |
||